书目信息 |
| 题名: |
代数整式
|
|
| 作者: | 刘尼 著 | |
| 分册: | ||
| 出版信息: | 北京 中国青年出版社 1955 |
|
| 页数: | 80页 | |
| 开本: | 20cm | |
| 丛书名: | ||
| 单 册: | ||
| 中图分类: | O122.1 | |
| 科图分类: | ||
| 主题词: | 初等数学 | |
| 电子资源: | ||
| ISBN: | ||
| 000 | 00541nam0 2200217 450 | |
| 001 | 0539859423 | |
| 005 | 20051121110634.25 | |
| 010 | @dCNY0.26 | |
| 091 | @a13009.98 | |
| 100 | @a20051121d1955 km y0chiy0120 ea | |
| 101 | 0 | @achi |
| 102 | @aCN@b110000 | |
| 102 | @aCN@b110000 | |
| 200 | 1 | @a代数整式@Adai shu zheng shi@f刘尼著@Fliu ni zhu |
| 210 | @a北京@c中国青年出版社@d1955 | |
| 215 | 1 | @a80页@d20cm |
| 606 | 0 | @a初等数学 |
| 690 | @aO122.1@v4 | |
| 701 | 0 | @a刘尼@Aliu ni@4著 |
| 801 | 0 | @aCN@bPFT@c20051121 |
| 905 | @a10447@dO122.1@e12 | |
| 代数整式/刘尼著.-北京:中国青年出版社,1955 |
| 80页;20cm |
| ISBN :CNY0.26 |
| ● |
| 相关链接 |
|
|
|
|
正题名:代数整式
索取号:O122.1/12
 
预约/预借
| 序号 | 登录号 | 条形码 | 馆藏地/架位号 | 状态 | 备注 |
| 1 | 0006703 | 000412495 | 密集书库/ [索取号:O122.1/12] | 在馆 |